Hidden Neighbors of Bulgaria Quiz Stats

 Plays Quiz Updated May 19, 2017

Challenge
Share
Tweet
Score 0/5 Timer 00:30
17 Plays Today
% Correct
Romania
87.9%
Serbia
82.6%
Greece
82%
Macedonia
79.2%
Turkey
71.1%

You're not logged in!

Compare scores with friends on all Sporcle quizzes.
Join for Free
OR
Log In

You Might Also Like...

Show Comments

Extras

Top Quizzes Today


Score Distribution

Your Account Isn't Verified!

In order to create a playlist on Sporcle, you need to verify the email address you used during registration. Go to your Sporcle Settings to finish the process.

Report this User

Report this user for behavior that violates our Community Guidelines.

Details: